Statistics for Taiwan County Flags

Click here to take the quiz!

General Stats

  • This quiz has been taken 15 times
  • The average score is 20 of 22

Answer Stats

Answer% Correct
New Taipei
100%
Taichung
100%
Tainan
100%
Taipei
100%
Hualien
92%
Kaohsiung
92%
Keelung
92%
Kinmen
92%
Penghu
92%
Taitung
92%
Yilan
92%
Changhua
85%
Chiayi
85%
Chiayi
85%
Hsinchu
85%
Lienchiang
85%
Miaoli
85%
Nantou
85%
Pingtung
85%
Taoyuan
85%
Yunlin
85%
Hsinchu
77%

Score Distribution

Percentile by Number Answered

Percent of People with Each Score

Your Score History

You have not taken this quiz